Normal view
MARC view
- Physical anthropology.
Entry Topical Term
001 - CONTROL NUMBER
- control field: 54926
003 - CONTROL NUMBER IDENTIFIER
- control field: OSt
005 - DATE AND TIME OF LATEST TRANSACTION
- control field: 20240318150733.0
008 - FIXED-LENGTH DATA ELEMENTS
- fixed length control field: 240318|| aca||aabn | a|a d
040 ## - CATALOGING SOURCE
- Original cataloging agency: OSt
- Transcribing agency: OSt
150 ## - HEADING--TOPICAL TERM
- Topical term or geographic name entry element: Physical anthropology.
670 ## - SOURCE DATA FOUND
- Source citation: Work cat.: (OSt): Feder, Kenneth L. 15045, Human antiquity :, ©1989.
